Les conflits les plus meurtriers depuis 1945 - Statistiques

Statistiques générales
  • Ce quiz a été pris 54 fois
  • Le résultat moyen est 9 sur 14
Statistiques - réponses
Nombre de victimes Dates Réponse % Correct
5 000 000 1955-1975 Guerre du Viêt-Nam
89%
250 000 1991 et 2003 Guerres du Golfe
89%
4 500 000 1950-1953 Guerre de Corée
85%
810 000 1994 Génocide des Tutsi au Rwanda
74%
500 000 2014-.... Guerre Russo-Ukrainienne
70%
606 000 2011-2024 Guerre civile syrienne
64%
1 200 000 1946-1949 Guerre civile Chinoise
62%
500 000 1954-1962 Guerre d'Algérie
60%
1 750 000 1978-.... Conflit afghan
55%
1 500 000 1955-2020 Guerre civile Soudanaise
55%
2 000 000 1947-.... Conflit indo-pakistanais
53%
600 000 1946-1954 Guerre d'Indochine
49%
501 000 1948-.... Conflit armée birman
28%
1 500 000 1967-1975 Génocide cambodgien
28%
Aucun quiz correspondant
Distribution des résultats
% des personnes avec chaque résultat
Percentile par nombre de réponses
Votre historique - résultats
Vous n’avez pas pris ce quiz